| 000 | 00866nam a22002897a 4500 | ||
|---|---|---|---|
| 001 | BR8503004 | ||
| 003 | BR-BrBNA | ||
| 005 | 20230928092204.0 | ||
| 007 | ta | ||
| 008 | 230509b bl.||||| |||| 00| 0 por d | ||
| 040 |
_aBR-BrBNA _bpor _cBiblioteca Nacional de Agricultura |
||
| 041 | _a(Por) | ||
| 072 |
_aS01; E70; Q02 _b9410 _b/G514 |
||
| 090 | _ 9410 BR8503004 | ||
| 110 | 1 |
_aLaticinios Mococa S.A., Sao Paulo, SP (Brasil) _96676 |
|
| 111 | 1 |
_a2. Congresso Pan-Americano do Leite _cSao Paulo, SP (Brazil) _d13 May 1985 |
|
| 245 | 1 | _aIndustrializacao de produtos lacteos consumo evolucao diversificacao | |
| 260 | 3 |
_aSao Paulo, SP (Brasil): _c1985. |
|
| 300 | _a10 p. | ||
| 650 | _aLEITE | ||
| 650 | _aSUBPRODUTO | ||
| 650 | _aINDUSTRIA ALIMENTICIA | ||
| 650 | _aCONSUMO | ||
| 650 | _aMERCADO | ||
| 909 |
_a202309 _bLucia _c55 _dLucia Elande |
||
| 942 | _cBK | ||
| 999 |
_c37588 _d37588 |
||